Deutsch Heute: Sprachentwicklung-Sprachwandel-Sprachkultur bakalárska práca

Gespeichert in:
Bibliographische Detailangaben
1. Verfasser: Gulyás, Eszter
Körperschaft: Fakulta aplikovaných jazykov EU v Bratislave. Katedra jazykovedy a translatológie
Weitere Verfasser: Adamcová, Lívia
Format: Buch
Sprache:Deutsch
Veröffentlicht: Bratislava 2019
Tags: Tag hinzufügen
Keine Tags, Fügen Sie das erste Tag hinzu!

MARC

LEADER 00000nbm a2200000 4500
001 0254721
005 20191106104939.3
041 0 |a ger 
044 |a SK 
245 1 0 |a Deutsch Heute: Sprachentwicklung-Sprachwandel-Sprachkultur  |b bakalárska práca  |c Eszter Gulyás ; školiteľ: Lívia Adamcová 
264 1 |a Bratislava  |c 2019 
300 |a 61 s. 
100 1 |a Gulyás, Eszter 
700 1 |a Adamcová, Lívia 
710 2 |a Fakulta aplikovaných jazykov EU v Bratislave. Katedra jazykovedy a translatológie